Library Banner

The dyslexic adult : (Record no. 103228)

MARC details
000 -LEADER
fixed length control field 00719cam a2200229 i 4500
001 - CONTROL NUMBER
control field 17553901
005 - DATE AND TIME OF LATEST TRANSACTION
control field 20180215102429.0
008 - FIXED-LENGTH DATA ELEMENTS--GENERAL INFORMATION
fixed length control field 121207s2013 enka b 001 0 eng
020 ## - INTERNATIONAL STANDARD BOOK NUMBER
International Standard Book Number 1119973945 (cloth : alk. paper)
020 ## - INTERNATIONAL STANDARD BOOK NUMBER
International Standard Book Number 9781119973935 (pbk. : alk. paper)
040 ## - CATALOGING SOURCE
Transcribing agency PK-LaUMT
082 00 - DEWEY DECIMAL CLASSIFICATION NUMBER
Classification number 616.8553
Edition number 23
Item number MCL-D
100 1# - MAIN ENTRY--PERSONAL NAME
Personal name McLoughlin, David
245 14 - TITLE STATEMENT
Title The dyslexic adult :
Remainder of title interventions and outcomes -- an evidence based approach /
Statement of responsibility, etc David McLoughlin and Carol Leather
250 ## - EDITION STATEMENT
Edition statement 2nd ed.
260 ## - PUBLICATION, DISTRIBUTION, ETC. (IMPRINT)
Place of publication, distribution, etc Chichester :
Name of publisher, distributor, etc John Wiley,
Date of publication, distribution, etc 2013
300 ## - PHYSICAL DESCRIPTION
Extent xxiii, 312 p. :
Other physical details illustrations ;
Dimensions 24 cm.
650 #0 - SUBJECT ADDED ENTRY--TOPICAL TERM
Topical term or geographic name as entry element Dyslexia.
650 #0 - SUBJECT ADDED ENTRY--TOPICAL TERM
Topical term or geographic name as entry element Dyslexics.
700 1# - ADDED ENTRY--PERSONAL NAME
Personal name Leather, Carol.
942 ## - ADDED ENTRY ELEMENTS (KOHA)
Koha item type Books
Holdings
Withdrawn status Lost status Damaged status Home library Current library Date acquired Full call number Barcode Date last seen Price effective from Koha item type
      UMT Main Campus UMT Main Campus 2018-02-15 616.8553 MCL-D 118360 2018-04-30 2018-02-15 Books